Nejdražší bankovní poplatky jsou v Česku

Bankové poplatky v Česku sú vyššie ako v iných krajinách. Českí spotrebitelia sú konzervatívni a nesnažia sa získať pre seba lepšie podmienky. Konzervativizmus sa v kríze vypláca.

Gespeichert in:
Bibliographische Detailangaben
1. Verfasser: Zeman, Ondřej
Format: Buchkapitel
Sprache:Tschechisch
Schlagworte:
Tags: Tag hinzufügen
Keine Tags, Fügen Sie das erste Tag hinzu!

MARC

LEADER 00000naa$a2200000$$$4500
001 0095761
005 20230804111458.5
041 0 |a cze 
044 |a CZ 
245 1 0 |a Nejdražší bankovní poplatky jsou v Česku  |c Ondřej Zeman 
520 |a Bankové poplatky v Česku sú vyššie ako v iných krajinách. Českí spotrebitelia sú konzervatívni a nesnažia sa získať pre seba lepšie podmienky. Konzervativizmus sa v kríze vypláca. 
610 2 0 |a banky 
610 2 0 |a poplatky 
610 2 0 |a Česko 
100 1 |a Zeman, Ondřej